| 000 | 00533nam a2200181Ia 4500 | ||
|---|---|---|---|
| 003 | GCL | ||
| 008 | 140319s9999 xx 000 0 ara d | ||
| 040 |
_aGCL / _cGCL |
||
| 082 | 0 | 4 |
_a322.4 _bف ق |
| 100 | 1 | _aفرج فودة | |
| 245 | 1 | 0 |
_aقبل السقوط / _cفرج فودة |
| 260 |
_a[S.N] : _bE.M.M.E |
||
| 300 | _a190 ص | ||
| 490 |
_aالهيئة العامة للاستعلامات _v0 |
||
| 650 | 0 | 4 | _aالاسلام والمجتمع |
| 650 | 0 | 4 | _aالاسلام والاصلاح الاجتماعى |
| 942 |
_2ddc _cBK |
||
| 999 |
_c32649 _d32649 |
||